UM Logo

Customer satisfaction on service quality of selected motor repair shop in digos city/ (Record no. 9719)

MARC details
000 -LEADER
fixed length control field 00689nam a22001697a 4500
008 - FIXED-LENGTH DATA ELEMENTS--GENERAL INFORMATION
fixed length control field 180714b ||||| |||| 00| 0 eng d
082 ## - DEWEY DECIMAL CLASSIFICATION NUMBER
Edition number 2018
Classification number UT 0901
Item number R43
100 ## - MAIN ENTRY--PERSONAL NAME
9 (RLIN) 28881
Personal name Restauro, Mary Jean M.
245 ## - TITLE STATEMENT
Title Customer satisfaction on service quality of selected motor repair shop in digos city/
Statement of responsibility, etc. Mary Jean M. Restauro, Paul Andrew G. Manzano and Ramil G. Sabidor.
260 ## - PUBLICATION, DISTRIBUTION, ETC. (IMPRINT)
Place of publication, distribution, etc. Digos City:
Name of publisher, distributor, etc. UMDC
Date of publication, distribution, etc. April 2018.
300 ## - PHYSICAL DESCRIPTION
Extent 88 pages;
Other physical details 29 cm.
650 #0 - SUBJECT ADDED ENTRY--TOPICAL TERM
9 (RLIN) 28882
Topical term or geographic name as entry element Business Administration.
Form subdivision Marketing Management
General subdivision Undergraduate theses
700 ## - ADDED ENTRY--PERSONAL NAME
9 (RLIN) 28883
Personal name Restauro, Mary Jean M.
700 ## - ADDED ENTRY--PERSONAL NAME
9 (RLIN) 28884
Personal name Manzano, Paul Andrew G.
700 ## - ADDED ENTRY--PERSONAL NAME
9 (RLIN) 28885
Personal name Sabidor, Ramil G.
942 ## - ADDED ENTRY ELEMENTS (KOHA)
Source of classification or shelving scheme Dewey Decimal Classification
Koha item type Undergraduate Thesis
Holdings
Withdrawn status Lost status Source of classification or shelving scheme Damaged status Not for loan Home library Current library Date acquired Total Checkouts Full call number Barcode Date last seen Price effective from Koha item type
    Dewey Decimal Classification     UM Digos College - LIC UM Digos College - LIC 07/11/2018   UT 0901 R43 2018 0901 05/15/2025 07/14/2018 Undergraduate Thesis